000 01016nam a2200289 i 4500
001 92613
003 ES-MaACL
005 20230906181020.0
007 t|
008 050407s2004 sp ||||1| spa d
020 _a84-8432-537-7
080 _a343.813(460)"1939/55"
080 _a626.82(460.353)(091)
245 0 3 _aEl canal de los presos (1940-1962) :
_btrabajos forzados : de la represión política a la explotación económica /
_cGonzalo Acosta Bono ... [et al.].
260 _aBarcelona :
_bCrítica,
_c[2004]
300 _aXLVII, 448 p., [16] p. de lám. :
_bgráf., mapas ;
_c24 cm.
490 1 _aCrítica contrastes
500 _aÍndices.
504 _aBibliografía: p. [421]-432.
650 4 _aPresos políticos-
_zEspaña-
_y1939-1975.
_916394
650 4 _aPresos-
_xTrabajo-
_zEspaña.
_9167011
651 4 _aCanal del Bajo Guadalquivir.
_9171298
700 1 _aAcosta Bono, Gonzalo.
_918304
830 1 _aCrítica contrastes
_9180307
852 4 _aES-MaACL
_jL-29033
999 _c92613
_d92613